000 00634cam a2200157Ia 4500
100 1 _aGraves, Robert,
_921937
245 1 0 _aLawrence and the Arabs /
_cRobert Graves ; with eight illustrations and four maps.
260 _aLondon ;
_aToronto :
_bJonathan Cape,
_c1935.
300 _a288 p. [8] leaves of plates :
_bill., maps ;
_c21 cm.
490 1 _aThe life and letters series ;
500 _aPublisher's advertisements: p. [289-307].
526 _a0
_b0
_c0
_d355_000000000000000_009241GRA
650 0 _aWorld War, 1914-1918
_xCampaigns
_zTurkey.
_949405
710 2 _aEvelyn D. Mullen T.E. Lawrence Collection.
_949406
942 _2ddc
_cBK
999 _c552190
_d552190